The WTO, developing countries and the Doha development agenda : (Record no. 43906)

MARC details
000 -LEADER
campo de control de longitud fija 00641nam a2200193 4500
001 - NÚMERO DE CONTROL
campo de control 26863
005 - FECHA Y HORA DE LA ÚLTIMA TRANSACCIÓN
campo de control 20230410115556.0
008 - DATOS DE LONGITUD FIJA--INFORMACIÓN GENERAL
campo de control de longitud fija 060907n2004 dr spa
020 ## - NÚMERO INTERNACIONAL ESTÁNDAR DEL LIBRO
Número Internacional Estándar del Libro 1403934835
035 ## - NÚMERO DE CONTROL DEL SISTEMA
-- funglode27066
041 ## - CÓDIGO DE IDIOMA
Código de lengua del texto/banda sonora o título independiente EN
050 14 - SIGNATURA TOPOGRÁFICA DE LA BIBLIOTECA DEL CONGRESO
Número de clasificación HF 1385 W927 2004
245 04 - MENCIÓN DEL TÍTULO
Título The WTO, developing countries and the Doha development agenda :
Resto del título prospects and challenges for trade-led growth /
Mención de responsabilidad, etc. edited by Basudeb Guha-Khasnobis
260 ## - PUBLICACIÓN, DISTRIBUCIÓN, ETC.
Lugar de publicación, distribución, etc. New York :
Nombre del editor, distribuidor, etc. Palgrave Macmillan,
Fecha de publicación, distribución, etc. 2004
300 ## - DESCRIPCIÓN FÍSICA
Extensión xviii, 321 p
440 ## - MENCIÓN DE SERIE/PUNTO DE ACCESO ADICIONAL--TÍTULO
Título Studies in development economics and policy
700 ## - ENTRADA AGREGADA--NOMBRE PERSONAL
Nombre de persona Guha-Khasnobis, Basudeb
942 ## - ELEMENTOS DE ENTRADA SECUNDARIOS (KOHA)
Fuente del sistema de clasificación o colocación Clasificación de Library of Congress
Tipo de ítem Koha
Holdings
Estatus retirado Estado de pérdida Fuente del sistema de clasificación o colocación Estado de daño No para préstamo Colección Biblioteca de origen Biblioteca actual Ubicación en estantería Fecha de adquisición Serial enumeration / chronology Signatura topográfica completa Código de barras Visto por última vez Tipo de ítem Koha
    Clasificación de Library of Congress     Ciencias Sociales Biblioteca Juan Bosch Biblioteca Juan Bosch Ciencias Sociales (3er. Piso) 24/10/2018 1 HF 1385 W927 2004 00000027986 24/10/2018